00761nam a22001935i 450000100060000000300090000600500170001500700030003200800410003504000200007610000280009624500830012426000700020730000470027760000750032485200240039999900170042395201270044054589ES-MaACL20230906162959.0t|960723s1884 xxk ||||1| eng d aCAM bspa cCAM1 aFriedmann, Paul.95264210aAnne Boleyn b: a chapter of English history, 1527-1536 / cby Paul Friedmann. aLondon : bMacmillan and co., c1884 (fR. Clay, sons and Taylor) a2 v. (LXXXIV, 308; XVI, 383 p.) ; c23 cm.04aAna Bolena cReina consorte de Enrique VIII, Rey de Inglaterra.921358 aES-MaACLjG-11745-6 c54589d54589 001040708LIBXIXaATENEOMbATENEOMcSPP3d2008-01-17eSCl0oG-11745-6p1057361r2023-02-23 00:00:00w2023-02-23yMONANT